| 000 | 00739nmm a2200265 a 4500 | ||
|---|---|---|---|
| 003 | AR-BaBNM | ||
| 005 | 20251128211451.0 | ||
| 008 | 074020s2004 ||||||||||||||000 | spa|| | ||
| 020 | _a987-21350-5-3 | ||
| 040 | _cAR-BaBNM | ||
| 100 | 1 | _aVaca, Arnaldo | |
| 245 | 1 | 0 |
_aEl catolicismo en La Rioja _barquitectura y arte _nv. 2 |
| 260 |
_aLa Rioja _bEudelar _c2004 |
||
| 300 |
_a318 p. _bmapas, il., láms., tablas |
||
| 610 | 2 | 4 | _aIGLESIA CATOLICA |
| 650 | 4 | _aHISTORIA PROVINCIAL ARGENTINA | |
| 650 | 4 | _aHISTORIA DE LAS RELIGIONES | |
| 650 | 4 | _aIGLESIA CATOLICA | |
| 650 | 4 | _aHISTORIA CULTURAL | |
| 650 | 4 | _aARTE RELIGIOSO | |
| 650 | 4 | _aHISTORIA DE LAS COSTUMBRES | |
| 650 | 4 | _aARQUITECTURA | |
| 942 | _cBK | ||
| 998 | _cmariana | ||
| 999 |
_c19776 _d19776 |
||